| 000 | 00405nam a22001457a 4500 | ||
|---|---|---|---|
| 999 |
_c8762 _d8762 |
||
| 003 | OSt | ||
| 008 | 200710b ||||| |||| 00| 0 eng d | ||
| 100 | _aItkar, Sachin | ||
| 245 | _aPharmaceutical Management | ||
| 250 | _a2018 | ||
| 260 |
_aN Delhi _bNirali prakashan _c2018 |
||
| 300 | _aB.2 | ||
| 650 | _aPharmaceutics- Drug Delivery Systems,Pharmaceutical Engineering regulraty Science | ||
| 942 |
_2ddc _cBK |
||